| 000 | 01093 a2200229 4500 | ||
|---|---|---|---|
| 003 | Nust | ||
| 005 | 20230217115337.0 | ||
| 010 | _a 88037737 | ||
| 020 | _a0070232539 | ||
| 040 | _cNust | ||
| 082 | 0 | 0 | _a621.38173,GEI |
| 100 | 1 |
_aGeiger, Randall L. _9109202 |
|
| 245 | 1 | 0 |
_aVLSI design techniques for analog and digital circuits / _cRandall L. Geiger, Phillip E. Allen, Noel R. Strader. |
| 260 |
_aNew York : _bMcGraw-Hill Pub. Co., _cc1990. |
||
| 300 |
_axv, 969 p., [10] p. of plates : _bill. (some col.) ; _c25 cm. |
||
| 440 | 0 |
_aMcGraw-Hill series in electrical engineering _920188 |
|
| 505 | _aPractical Considerations (Page-1), Technology (Page-32), Device Modeling (Page-132), Circuit Simulation (Page-237), Basic Integrated Circuit Building Blocks (Page-287), Amplifiers (Page-378), Digital Circuits (Page-525), Analog Systems (Page-612), Structured Digital Circuits and Systems (Page-778), Design Automation and Verification (Page-872). | ||
| 650 | 0 | _aTelecommunication Engineering. | |
| 700 | 1 |
_aAllen, P. E. _997159 |
|
| 700 | 1 |
_aStrader, Noel R. _9109203 |
|
| 942 |
_2ddc _cBK |
||
| 999 |
_c182498 _d182498 |
||